Sistema de información geográfica delfines de río (Registro nro. 16591)

Detalles MARC
000 -CABECERA
Campo de control 007070000a22002170004500
090 ## - CLASIFICACIÓN LOCAL
Colección MM
Consecutivo 00216
041 0# - IDIOMA
Código de idioma para texto/pista de sonido o título separado
044 ## - PAÍS DE PUBLICACIÓN
País de publicación
110 1# - ASIENTO PRINCIPAL--NOMBRE CORPORATIVO
Nombre corporativo o de jurisdicción como elemento de entrada Fundación Omacha
245 10 - MENCION DE TITULO
Título Sistema de información geográfica delfines de río
260 ## - PUBLICACION, DISTRIBUCION, ETC. (PIE DE IMPRENTA)
Lugar de publicación, distribución, etc. s.l.
Nombre del editor, distribuidor, etc. Fundación Omacha
Fecha de publicación, distribución, etc. 2002
300 ## - DESCRIPCION FISICA
Otros detalles físicos CD-ROM
500 ## - NOTA GENERAL
Nota general Requerimientos de software: ArcView 3.2 o superior
650 14 - ASIENTO SECUNDARIO DE MATERIA - TERMINO TEMATICO
Término temático o nombre geográfico como elemento de entrada Fauna
650 14 - ASIENTO SECUNDARIO DE MATERIA - TERMINO TEMATICO
Término temático o nombre geográfico como elemento de entrada Mamíferos acuáticos
650 14 - ASIENTO SECUNDARIO DE MATERIA - TERMINO TEMATICO
Término temático o nombre geográfico como elemento de entrada Sistemas de información geográfica
651 #4 - ASIENTO SECUNDARIO DE MATERIA - NOMBRE GEOGRAFICO
-- Orinoquia
-- Colombia
653 ## - TERMINO DE INDIZACION - NO CONTROLADO
-- Iniidae
-- Inia
-- Inia geoffrensis
-- delfín rosado
653 ## - TERMINO DE INDIZACION - NO CONTROLADO
-- Delphinidae
-- Sotalia
-- otalia fluviatilis
-- tucuxi
942 ## - ELEMENTOS ADICIONALES (KOHA)
Tipo de ítem CD-ROM
Existencias
Withdrawn status Lost status Sistema de Clasificación Damaged status No para préstamo Colección Ubicación Permanente Ubicación actual Fecha de adquisición Fuente de Valor Total Checkouts Número topográfico Inventario / Código de Barras Date last seen Ejemplar Price effective from Tipo de material
    Local     Audiovisual Bogotá Bogotá 16/05/2004 Fundación Omacha   MM-00216 018450 25/03/2015 Ej. 1 25/03/2015 CD-ROM